000 01287nam a2200277 i 4500
003 DO-SdBNP
005 20250702141445.0
007 ta
008 240521s1991 dr aco 000 0 spa d
040 _aDO-SdBNP
_bspa
_cBNPHU
_erda
082 _axxx
_bT649
_222
100 _aTolentino, Marianne de,
_d1951-
_973333
_eautor
_4aut.
245 1 0 _aAmaya /
_cMarianne de Tolentino : fotografías Ricardo Thorman : presentación Danilo de los Santos
264 1 _aSanto Domingo :
_bAmigo del Hogar,
_c1991.
300 _a109 páginas
_bilustraciones, retratos, fotografías
_c32 cm.
336 _2rdacontent
_atexto
_btxt
337 _2rdamedia
_asin mediación
_bn
338 _2rdacarrier
_avolumen
_bnc
504 _aBibliografía p: 110.
505 0 _tPresentación --
_tIntroducción --
_tUna evolución sin rupturas --
_tEl tratamiento de la figura humana --
_tBodegones diferentes, flores radiantes --
_tUna luminosidad muy especial --
_tActitudes, atmósfera y espiritualidad --
_tLa creciente pasión por esculpir... --
_ta modo de conclusión --
_tDatos biográficos --
_tBibliografía fundamental /
590 _aInventariado, 2024/ YL
700 _aThorman , Ricardo
_959363
_efotografías
700 _aSantos, Danilo de los
_epresentación
_985530
910 _aYLockward
942 _2ddc
_cLBS1
999 _c56715
_d56715